| 000 | 00548nam a2200181Ia 4500 | ||
|---|---|---|---|
| 008 | 230917s9999||||xx |||||||||||||| ||und|| | ||
| 020 | _cRS535 | ||
| 040 |
_e228661 _aMAIN |
||
| 041 | _aEnglish | ||
| 082 | _a537 C392E(9) | ||
| 100 | _aChattopadhyay, D | ||
| 245 | 0 | _aElectricity and magnetism: With electromagnetic theory and special theory of relativity | |
| 250 | _a9th rev. ed. | ||
| 260 |
_aHyderabad _bNew Central Book Agency _c2014 |
||
| 300 | _axvii, 640 p. | ||
| 500 | _a2148 07/10/2015 IBS15/119 08/10/2015 Main Budget | ||
| 942 | _cBK | ||
| 999 |
_c16310 _d16310 |
||